|
|
|
|
| LEADER |
01383nam a2200313 4500 |
| 001 |
DLU140162257 |
| 005 |
##20140620 |
| 040 |
# |
# |
|a DLU
|b vie
|
| 041 |
# |
# |
|a vie
|
| 044 |
# |
# |
|a vn
|
| 082 |
# |
# |
|a 305.895 93
|b HU-Q
|
| 100 |
# |
# |
|a Huỳnh Thanh Quang,
|c TS.
|
| 245 |
# |
# |
|a Giá trị văn hoá Khmer vùng đồng bằng sông Cửu Long :
|b Sách tham khảo /
|c Huỳnh Thanh Quang.
|
| 260 |
# |
# |
|a H. :
|b Chính trị Quốc gia - Sự thật,
|c 2011.
|
| 300 |
# |
# |
|a 242 tr. ;
|c 21 cm.
|
| 505 |
# |
# |
|a Chương I. Giá trị văn hoá Khmer vùng đồng bằng sông Cửu Long -- Chương II. Thực trạng và những vấn đề đặt ra trong phát huy giá trị văn hoá Khmer vùng đồng bằng sông Cửu Long -- Chương III. Phương hướng và giải pháp nhằm phát huy giá trị văn hoá Khmer vùng đồng bằng sông Cửu Long trong giai đoạn hiện nay.
|
| 650 |
# |
# |
|a Người Khmer
|z Việt Nam
|z Đồng bằng sông Mêkông (Việt Nam và Campuchia).
|
| 650 |
# |
# |
|a Tộc người thiểu số
|z Việt Nam
|z Đồng bằng sông Mêkông (Việt Nam và Campuchia)
|x Đời sống xã hội và tập quán,
|
| 923 |
# |
# |
|a 01/2014LS
|
| 991 |
# |
# |
|a SH
|
| 992 |
# |
# |
|a 42000
|
| 994 |
# |
# |
|a KLS
|
| 900 |
# |
# |
|a True
|
| 911 |
# |
# |
|a Đào Thị Thu Huyền
|
| 925 |
# |
# |
|a G
|
| 926 |
# |
# |
|a A
|
| 927 |
# |
# |
|a SH
|
| 980 |
# |
# |
|a Thư viện Trường Đại học Đà Lạt
|